| 000 | 00448cam a2200181ua 4500 | ||
|---|---|---|---|
| 001 | 7319 | ||
| 008 | 141206n ii |||gr||||Z||||||ben | ||
| 040 | _cMAIN | ||
| 041 | _aben | ||
| 082 | _a891.444 | ||
| 100 |
_aChakravorty, S., _eEditor. |
||
| 245 | 1 |
_aBankim Rachanabali : _b2nd vol. / _cEdited by Subodh Chakravorty . |
|
| 250 | _a1st. | ||
| 260 |
_aCalcutta: _bKamini, _c1991. |
||
| 300 | _a1051p. | ||
| 653 | _aBengali essays | ||
| 942 | _cBK | ||
| 999 |
_c6444 _d6444 |
||